01128cam a22002411 4500001001300000003000400013005001700017008004100034010001700075035002000092040004600112042001200158050001600170100004000186245018700226260009200413300006600505490013900571500010100710650003400811740002400845999001700869gs 23000217 DLC20260227111327.0920618s1922 ag bf 000 0 spa c ags 23000217  a(OCoLC)26041636 aLibrary, U.S. Geological SurveycCStdDLC apremarc00aQE231b.B681 aBodenbender, Guillermo,d1857-1941.10aContribución al conocimiento geológico de la Republica Argentina.bI. Descriptiones generales. El Nevado de Famatina (Provincia de la Rioja)cpor el Dr. Guillermo Bodenbender ... aBuenos Aires,bTalleres gráficos del Ministerio de agricultura de la nación,c1922. a68, [1] p.bXVIII pl., fold. col. map, fold. profile.c27 cm.0 a[Argentine Republic] Ministerio de agricultura de la nación. Sección geológico mineralogía y minería. Anales.vt. XVI, no. 1 aAt head of title: Republica Argentina. Dirección general de minas, geogolgía e hidrología. 0aGeologyzArgentinazLa Rioja.0 aNevado de Famatina. c26257d26257